Činnosť manažéra
Niektoré kľúčové charakteristiky manažmentu, ktoré sú dôležité z praktického hľadiska. Tieto charakteristiky odlišujú manažment od iných druhov činností.
Saved in:
| Main Author: | |
|---|---|
| Format: | Book Chapter |
| Language: | Slovak |
| Subjects: | |
| Tags: |
No Tags, Be the first to tag this record!
|
MARC
| LEADER | 00000naa a2200000 4500 | ||
|---|---|---|---|
| 001 | r018435 | ||
| 005 | 20221213101320.1 | ||
| 041 | 0 | |a slo | |
| 044 | |a SK | ||
| 245 | 1 | 0 | |a Činnosť manažéra |c Klement Kačír |
| 520 | |a Niektoré kľúčové charakteristiky manažmentu, ktoré sú dôležité z praktického hľadiska. Tieto charakteristiky odlišujú manažment od iných druhov činností. | ||
| 610 | 2 | 0 | |a manažment |
| 610 | 2 | 0 | |a manažéri |
| 610 | 2 | 0 | |a veda o riadení |
| 100 | 1 | |a Kačír, Klement | |